01185nam a2200193Ia 4500001001000000003001000010008004100020040002500061041001300086100003000099245006400129250001100193260009200204300002700296500026000323501011400583520026000697650003400957L235-8408IT-CnALBA170116s9999||||xx |||||||||||||| ||und|| aIT-CnALBAcIT-CnALBA aITALIANO aMAROCCO MAURIZIO, TEOLOGO 0aSTORIA DI ALESSANDRO II SOMMO PONTEFICE E DI SANT'ANSELMO.  a1a ed. bSTEFENONE V. CAMANDONA TIP. E C. TORINO'c1856 [1° Ed.:1856 - Ed.Ling.Originale: 1856] a278 p. (prefazione: 7) aFAMIGLIA BAGGIO. CONDIZIONI D'ITALIA. SITUAZIONE DELLA CHIESA. LEONE IX. ANSELMO DA BAGGIO. ELEZIONE DI ALESSANDRO II. CADALO' ANTIPAPA A ROMA. CONDANNA DI CADALO'. SOLLECITUDINE DI ALESSANDRO PER LA CHIESA. SINODO DI DANIMARCA. CONTROVERSIE TRA L'IMPERAT aSocietà San Paolo EM - Piazza San Paolo, 14 - 12051 ALBA (CN) (non commercial uses only) ® Copyright 2017 aFAMIGLIA BAGGIO. CONDIZIONI D'ITALIA. SITUAZIONE DELLA CHIESA. LEONE IX. ANSELMO DA BAGGIO. ELEZIONE DI ALESSANDRO II. CADALO' ANTIPAPA A ROMA. CONDANNA DI CADALO'. SOLLECITUDINE DI ALESSANDRO PER LA CHIESA. SINODO DI DANIMARCA. CONTROVERSIE TRA L'IMPERAT aMARIA SS. ANGELI SANTI DEMONI